| 000 | 00812nam a22002055i 4500 | ||
|---|---|---|---|
| 001 | 155879 | ||
| 003 | ES-MaACL | ||
| 005 | 20250830111231.0 | ||
| 008 | 991104s1865 fr a |||| | fre d | ||
| 040 |
_aEUS _bspa _cEUS |
||
| 110 | 2 |
_aIglesia Católica _94639 |
|
| 245 | 1 | 0 | _aRecueil des allocutions consistoriales, encycliques et autres lettres apostoliques des souverains pontifes Clément XII, Benoit XIV, Pie VI, Pie VII, Léon XII, Grégoire XVI et Pie IX, citées dans l'Encyclique et le Syllabus du 8 déc. 1864. |
| 250 | _aDeuxième édition. | ||
| 260 |
_aParis : _bLibrairie Adrien le Clere et Cie, _c1865. |
||
| 300 |
_a[8], 580 p. : _bil. ; _c24 cm. |
||
| 597 | _aAntep. | ||
| 597 | _aPort. con grab. tip. | ||
| 852 |
_aES-MaACL _jG-14365 _z-- Enc. hol. |
||
| 999 |
_c155879 _d155879 |
||